| 000 | 00532nmm a2200169Ia 4500 | ||
|---|---|---|---|
| 008 | 251105s9999||||xx |||||||||||||||||und|| | ||
| 020 | _a0916379159 | ||
| 041 | _aeng | ||
| 100 | _aCharles Faulhaber, Kinkade, T. A. Perry, eds. | ||
| 245 | 0 | _aStudies In Honor Of Gustavo Correa | |
| 264 |
_a[Washington, Estados Unidos] : _bScripta Humanistica, _c1986 |
||
| 300 | _a229 páginas | ||
| 490 | _aSpanish Medieval Literature | ||
| 650 | _aSpanish literature | ||
| 856 | _uhttps://public.digitaliapublishing.com/a/287 | ||
| 942 | _cCF | ||
| 999 |
_c72903 _d72903 |
||